Top 50 Avengers by Picture - Statistics

General Stats
  • This quiz has been taken 102 times
  • The average score is 31 of 50
Answer Stats
Picture Answer % Correct
Captain America
100%
Hulk
100%
Iron Man
100%
Thor
99%
Ant-Man
98%
Spider-Man
98%
Black Panther
97%
Captain Marvel
97%
Black Widow
93%
Captain Mar-Vell
93%
Doctor Strange
93%
Wolverine
90%
Hawkeye
89%
Vision
89%
Wasp
89%
She-Hulk
87%
Falcon
86%
Scarlet Witch
86%
Winter Soldier
85%
War Machine
80%
Quicksilver
77%
Red Hulk
76%
Moon Knight
74%
Ms. Marvel
73%
Mantis
70%
Beast
63%
Luke Cage
55%
Captain Britain
53%
Nova
52%
Namor the Sub-Mariner
51%
Spider-Woman
50%
Hercules
48%
Black Knight
41%
Sentry
39%
Wonder Man
35%
Yellowjacket
34%
Spectrum
32%
Tigra
30%
Swordsman
29%
Starfox
28%
Jocasta
27%
Mockingbird
26%
Moondragon
25%
Quasar
24%
Stingray
24%
Songbird
22%
Jack of Hearts
21%
Rage
17%
Sersi
16%
Silverclaw
10%
No matching quizzes found
Score Distribution
Percent of People with Each Score
Percentile by Number Answered
Your Score History
You have not taken this quiz